| 000 | 01062nji a22002897a 4500 | ||
|---|---|---|---|
| 005 | 20100917144359.0 | ||
| 006 | a|||||r|||||00| 0 | ||
| 007 | sd ammalaaahaa | ||
| 008 | 100830t xxu||||| |||| 00| 0 eng d | ||
| 028 |
_a2392 531 _bPolydor |
||
| 035 | _aGR-03260 | ||
| 040 |
_aSED _cSED |
||
| 100 |
_917455 _aManhar |
||
| 245 |
_aBezuban / _csung by Manhar; music by Jugal baba; lyrics by Chandu Kotecha"Mariz" _h[sound recording] : |
||
| 246 | _aबेजुबान / | ||
| 260 |
_aDum Dum, India _bPolydor _c1981 |
||
| 300 |
_a1 sound disc [Gramophone Recording]: _banalog, 33 1/3 rpm _c12.5 in. (LP) _fGramophone Record |
||
| 500 | _aBrief Record | ||
| 500 | _aRecord labels : Polydor, Red | ||
| 505 | _aSide-1 (Dil jalati hai) (Manhar) Side-2 (Aai thi meri zindagi mein) (Manhar) | ||
| 600 |
_aManhar _920359 |
||
| 650 |
_aHindi Songs _zIndia _91186 _xExcerpts |
||
| 700 |
_aJugal Baba _920534 |
||
| 700 |
_aChandu Kkotecha"Mariz" _920535 |
||
| 942 |
_2ddc _cGR |
||
| 999 |
_c46514 _d46514 |
||